| 000 | 01276nac a22003131u 4500 | ||
|---|---|---|---|
| 003 | EG-ScBUE | ||
| 005 | 20211205105915.0 | ||
| 008 | 121106s1979 ua a f b 001 0bara d | ||
| 017 | _a1979 / 3155 | ||
| 020 | _a9772016982 | ||
| 040 |
_aEG-ScBUE _bara _erda _cEG-ScBUE _dEG-ScBUE |
||
| 082 | 0 | 4 |
_a892.78609 _bج و ا _222 |
| 100 | 1 |
_aالجوادي، محمد محمد، _eمؤلف. _931262 |
|
| 245 | 1 | 2 |
_aالدكتور محمد كمال حسين : _bعالما ومفكرا وأديبا / _cمحمد محمد الجوادي. |
| 264 | 1 |
_aالقاهرة : _bالهيئة المصرية العامة للكتاب، _c1979. |
|
| 300 |
_a423 صفحة : _bإيضاحيات ؛ _c24 سم. |
||
| 336 |
_2rdacontent _aنص _btxt |
||
| 337 |
_2rdamedia _aبدون وسيط _bn |
||
| 338 |
_2rdacarrier _aمجلد _bnc |
||
| 490 | 0 |
_aكتابات جديدة ؛ _v1 |
|
| 504 | _aيشتمل على إرجاعات ببليوجرافية وكشافات. | ||
| 600 | 1 | 7 |
_aحسين، محمد كمال. _2BUEsh _931264 |
| 650 | 7 |
_aالأدباء العرب _vتراجم. _2BUEsh _917363 |
|
| 650 | 7 |
_aالأدباء المصريون _vتراجم. _2BUEsh _98633 |
|
| 651 | _2BUEsh | ||
| 653 |
_bARALIT _cDecember2021 |
||
| 655 |
_vReading book _934232 |
||
| 942 |
_cBB _k892.78609 ج و ا _2ddc |
||
| 999 |
_c8129 _d8129 |
||